Los tributos municipales indirectos. Inconstitucionalidad. Potestad tributaria (Registro nro. 20324)
[ vista simple ]
| 000 -LEADER | |
|---|---|
| fixed length control field | 00358 a2200109 4500 |
| 001 - CONTROL NUMBER | |
| control field | ART_51159 |
| 005 - DATE AND TIME OF LATEST TRANSACTION | |
| control field | 20260410161758.0 |
| 008 - FIXED-LENGTH DATA ELEMENTS--GENERAL INFORMATION | |
| fixed length control field | 260409a |
| 100 1# - MAIN ENTRY--PERSONAL NAME | |
| Personal name | Sequeira, Marcos A. |
| 245 10 - TITLE STATEMENT | |
| Title | Los tributos municipales indirectos. Inconstitucionalidad. Potestad tributaria |
| 773 0# - HOST ITEM ENTRY | |
| Title | Doctrina tributaria |
| Related parts | - N° 487 (oct. 2020) |
| Record control number | REV4296 |
No hay ítems disponibles.